[Event "Brownsville UT RGV GM 3rd"]
[Site "Brownsville"]
[Date "2017.03.13"]
[Round "1"]
[White "Serna, Jeffrey M"]
[Black "McNutt, William Howard"]
[Result "1-0"]
[WhiteElo "2022"]
[BlackElo "1729"]
[PlyCount "217"]
[EventDate "2017.03.13"]
[EventType "tourn"]
[EventRounds "9"]
[EventCountry "USA"]
[SourceTitle "CBM 177 Extra"]
[Source "ChessBase"]
[SourceDate "2017.04.27"]
[SourceVersion "1"]
[SourceVersionDate "2017.04.27"]
[SourceQuality "1"]

1. e4 e6 2. d4 d5 3. Nd2 Nf6 4. e5 Nfd7 5. Bd3 c5 6. c3 Nc6 7. Ne2 cxd4 8. cxd4 f6 9. exf6 Qxf6 10. Nf3 h6 11. 0-0 Bd6 12. Bc2 0-0 13. Ng3 Rd8 14. Re1 Nf8 15. a3 Bd7 16. Ne5 Be8 17. f4 Rac8 18. Be3 b5 19. Rc1 b4 20. a4 a5 21. Bd3 Ne7 22. Qf3 Neg6 23. Nh5 Qe7 24. Qg4 Bxe5 25. fxe5 Qh4 26. Qxh4 Nxh4 27. Nf4 Nhg6 28. Ba6 Rxc1 29. Rxc1 Nxf4 30. Bxf4 Bxa4 31. Ra1 Ra8 32. Bb7 Ra7 33. Rxa4 Rxb7 34. Rxa5 b3 35. Bd2 Ng6 36. Kf2 Kf7 37. Ke3 Ke7 38. Kd3 Nh4 39. Ra1 Rc7 40. Bb4+ Kf7 41. Rf1+ Kg8 42. g3 Nf5 43. Bc5 Rb7 44. g4 Nh4 45. Rf8+ Kh7 46. Re8 Ng2 47. Kd2 Nf4 48. h4 Kg6 49. Ke3 Rf7 50. Kd2 h5 51. gxh5+ Kxh5 52. Be7 Ng6 53. Bd8 Rf2+ 54. Kc3 Rf3+ 55. Kb4 Nf4 56. Bg5 Nd3+ 57. Ka3 Ne1 58. Rxe6 Nc2+ 59. Ka4 Nxd4 60. Rd6 Rf5 61. Rxd5 Nf3 62. Kxb3 Nxg5 63. hxg5 Kxg5 64. Kc4 Rf2 65. b4 Rc2+ 66. Kd4 Kf5 67. b5 Rb2 68. Kc5 g5 69. Kc6 g4 70. b6 g3 71. b7 g2 72. Rd1 Kxe5 73. Rg1 Kf4 74. Rxg2 Rxg2 75. b8Q+ Kf3 76. Kd5 Rd2+ 77. Ke5 Re2+ 78. Kf5 Kf2 79. Kf4 Ke1 80. Qb4+ Kf2 81. Qc3 Kf1 82. Kf3 Rf2+ 83. Kg3 Rg2+ 84. Kh3 Re2 85. Qc1+ Kf2 86. Kg4 Re3 87. Kf4 Rf3+ 88. Ke4 Kg2 89. Qd1 Rg3 90. Kf4 Kh2 91. Qe1 Rg8 92. Qf2+ Kh3 93. Qe3+ Kh2 94. Qe2+ Kg1 95. Qd1+ Kh2 96. Qc2+ Rg2 97. Qb1 Rf2+ 98. Ke3 Rg2 99. Kf3 Rg3+ 100. Kf4 Rg2 101. Qe1 Rg1 102. Qe6 Rg2 103. Qe5 Kg1 104. Qe1+ Kh2 105. Kf3 Rg8 106. Qd2+ Kg1 107. Qc1+ Kh2 108. Qc2+ Kg1 109. Qb1+ 1-0

[Event "Windsor NAYCC U12"]
[Site "Windsor"]
[Date "2016.08.11"]
[Round "8.98"]
[White "Grabinsky, Joshua"]
[Black "McNutt, William Howard"]
[Result "1/2-1/2"]
[WhiteElo "1704"]
[BlackElo "1875"]
[PlyCount "97"]
[EventDate "2016.08.07"]
[EventType "swiss"]
[EventRounds "9"]
[EventCountry "CAN"]
[SourceTitle "EXT 2022"]
[Source "ChessBase"]
[SourceDate "2021.10.06"]
[SourceVersion "1"]
[SourceVersionDate "2021.10.06"]
[SourceQuality "1"]

1. e4 e6 2. d4 d5 3. Nd2 Nf6 4. Bd3 c5 5. exd5 exd5 6. dxc5 Bxc5 7. Nb3 Bb6 8. Qe2+ Qe7 9. Qxe7+ Kxe7 10. Nf3 Nc6 11. c3 Bg4 12. Nbd4 Rhe8 13. 0-0 Nxd4 14. Nxd4 Bxd4 15. cxd4 Kf8 16. f3 Bh5 17. Bd2 Bg6 18. Bb5 Re6 19. Bb4+ Kg8 20. Bc3 a6 21. Ba4 b5 22. Bb3 a5 23. a4 b4 24. Bd2 Re2 25. Rf2 Rae8 26. Bd1 Rxf2 27. Kxf2 Rc8 28. Rc1 Rxc1 29. Bxc1 Ne8 30. Bb3 Nc7 31. Bf4 Ne6 32. Ke3 Nxf4 33. Kxf4 Kf8 34. Bxd5 Bc2 35. Bc6 Ke7 36. Ke5 Bb3 37. g4 f6+ 38. Ke4 Kd6 39. Be8 Ke7 40. Bb5 Kd6 41. f4 h6 42. h4 Bc2+ 43. Ke3 g5 44. fxg5 fxg5 45. hxg5 hxg5 46. Kd2 Bb3 47. Be8 Be6 48. Bh5 Bb3 49. Be8 1/2-1/2

[Event "Windsor NAYCC U12"]
[Site "Windsor"]
[Date "2016.08.11"]
[Round "9.99"]
[White "McNutt, William Howard"]
[Black "Butchart, Kevin"]
[Result "1/2-1/2"]
[WhiteElo "1875"]
[BlackElo "1083"]
[PlyCount "82"]
[EventDate "2016.08.07"]
[EventType "swiss"]
[EventRounds "9"]
[EventCountry "CAN"]
[SourceTitle "EXT 2022"]
[Source "ChessBase"]
[SourceDate "2021.10.06"]
[SourceVersion "1"]
[SourceVersionDate "2021.10.06"]
[SourceQuality "1"]

1. d4 d5 2. Nf3 Nf6 3. e3 e6 4. Bd3 a6 5. Nbd2 Bd6 6. 0-0 0-0 7. b3 b5 8. a4 b4 9. Bb2 Nbd7 10. Ne5 Bb7 11. f4 Ne4 12. Bxe4 dxe4 13. Ndc4 Nxe5 14. fxe5 Be7 15. Qg4 Bg5 16. Rae1 Kh8 17. g3 Qe7 18. Nd2 c5 19. Nxe4 Bxe4 20. Qxe4 Rac8 21. Re2 f5 22. exf6 Bxf6 23. Rd1 Rfd8 24. Red2 Rd5 25. Bc1 cxd4 26. exd4 Qd6 27. Bb2 Rd8 28. Rd3 Rc8 29. Qe2 Qc6 30. c4 bxc3 31. Rxc3 Qd7 32. Rxc8+ Qxc8 33. Qc4 Qd7 34. Qxa6 h6 35. Re1 Rd6 36. Qa8+ Kh7 37. Qe4+ Kh8 38. Rd1 Rd5 39. Re1 Rd6 40. Rf1 Kg8 41. Rd1 Rd5 1/2-1/2

[Event "Windsor NAYCC U12"]
[Site "Windsor"]
[Date "2016.08.09"]
[Round "5.87"]
[White "McNutt, William Howard"]
[Black "Somalwar, Anaiy"]
[Result "1/2-1/2"]
[WhiteElo "1875"]
[BlackElo "1755"]
[PlyCount "69"]
[EventDate "2016.08.07"]
[EventType "swiss"]
[EventRounds "9"]
[EventCountry "CAN"]
[SourceTitle "EXT 2022"]
[Source "ChessBase"]
[SourceDate "2021.10.06"]
[SourceVersion "1"]
[SourceVersionDate "2021.10.06"]
[SourceQuality "1"]

1. d4 d5 2. Nf3 Nf6 3. e3 Bf5 4. c4 c6 5. Qb3 Qb6 6. Nc3 e6 7. Bd2 Qxb3 8. axb3 Bc2 9. cxd5 exd5 10. Na4 Nbd7 11. b4 Be7 12. Nc5 Nxc5 13. bxc5 0-0 14. Rc1 Be4 15. Be2 Nd7 16. 0-0 Rfc8 17. b4 a6 18. Ra1 Bxf3 19. Bxf3 Nf6 20. Ra2 Re8 21. Rfa1 Rac8 22. Be1 g6 23. Be2 Bf8 24. Bd3 Bg7 25. Re2 Re7 26. f3 Rce8 27. Bf2 Nh5 28. Rae1 f5 29. h3 Nf6 30. g4 fxg4 31. hxg4 Kh8 32. Bh4 Re6 33. Kf2 Rf8 34. Kg3 Nd7 35. Rh1 1/2-1/2